00634nam a2200193Ia 4500008004100000050001600041050001500057100003200072245013500104245003200239260003100271260001000302260001000312300001600322300002000338300001100358500005600369521001500425160517s9999 xx 000 0 und d aRC 552.E18  b.F634 2016 aFlores, Regine Antonette B. aSociocultural attitudes and eating behavior patterns of selected college students at southville international school and colleges/ cRegine Antonette B. Flores. aLas Piñas, Philippines : bSISC, c2016. a141 pages : billustrations ; c28 cm. aIncludes bibliographical references and appendices. aPsychology